000 01364ngm a22002895a 4500
005 20200320192822.0
007 vd cvaizs
008 140710s2013 xxu098 e vleng d
024 1 _a030306938196
_qvideodisc
_c24.99
040 _dMMLLC
245 0 2 _aA promise
_h[videorecording].
260 _a[United States] :
_bIfc Films,
_c2014.
300 _a1 videodisc (ca. 98 min.) :
_bsd., col. ;
_c4 3/4 in.
508 1 _aDirector, Patrice Leconte.
511 1 _aAlan Rickman, Toby Murray, Rebecca Hall, Richard Madden.
520 _aA romantic drama set in Germany just before WWI and centered on a married woman who falls in love with her husband's protegee. Separated first by duties and then by the war, they pledge their devotion to one another. Eight years later, with millions dead and Europe in ruins, the exile returns, to his homeland and to the woman he hopes has been waiting for him. But has their love survived the brutal passage of time?
538 _aDVD.
546 _aEnglish audio.
655 4 _aDrama.
_95673873
700 1 _aRickman, Alan.
_926534
700 1 _aHall, Rebecca.
_95891560
700 1 _aMadden, Richard.
_95886460
700 1 _aMurray, Toby.
_95891561
942 _cDVD
_017
948 _a09/20/2014
_zSirsi
996 _a112247
_b34301001387945
_cDVD
_dDVD
_ewcl
_fi
_g17
_h24.98
_lmicro
_mPro
_p09/22/2014
_q03/13/2020
_r03/06/2020
999 _c284635
_d284635